It looks like you're offline.
Open Library logo
additional options menu

MARC Record from Scriblio

Record ID marc_records_scriblio_net/part09.dat:104599061:981
Source Scriblio
Download Link /show-records/marc_records_scriblio_net/part09.dat:104599061:981?format=raw

LEADER: 00981cam 2200277 4500
001 76084600 //r963
003 DLC
005 19960723075505.2
008 701009s1970 cauac b 011 0 eng
010 $a 76084600 //r963
020 $a071670921X
040 $aDLC$cDLC$dDLC$dICU$dDLC
050 00 $aQL751$b.D45
082 00 $a591.5/1
245 00 $aDevelopment and evolution of behavior;$bessays in memory of T. C. Schneirla.$cEdited by Lester R. Aronson [and others]
260 0 $aSan Francisco,$bW. H. Freeman$c[1970].
300 $axviii, 656 p.$billus., port.$c25 cm.
350 $a12.00
490 0 $aA Series of books in psychology
504 $aIncludes bibliographies.
650 0 $aAnimal behavior.
650 0 $aAnimal behavior$xEvolution.
650 0 $aPsychology, Comparative.
600 10 $aSchneirla, T. C.$q(Theodore Christian),$d1902-1968.
700 11 $aAronson, Lester R.$q(Lester Ralph),$d1911-$eed.
700 10 $aSchneirla, T. C.$q(Theodore Christian),$d1902-1968.